| 000 | 00395nam a2200169Ia 4500 | ||
|---|---|---|---|
| 003 | 0100 | ||
| 008 | 130303s9999 xx 000 0 und d | ||
| 040 | _cARRUPELIB | ||
| 050 | _aBL1202.K561988 | ||
| 100 | _aKlostermaier, Klaus K | ||
| 245 | 2 | _aA Survey of Hinduism | |
| 260 | _aAlbany, NY | ||
| 260 | _bState University of New York Press | ||
| 260 | _C1988 | ||
| 300 | _a649p | ||
| 942 | 0 | 0 | _01 |
| 999 |
_c22017 _d22017 |
||